000 00440nam a2200169Ia 4500
008 090711s9999 xx 000 0 und d
082 _b55568
100 _aलिमये मनीषा म.
245 _aपरीस
260 _c1986
300 _a103
600 _aलिमये मनीषा म.
630 _aपरीस
700 _aलिमये मनीषा म.
730 _aपरीस
942 _cBOOK
999 _c310013
_d310013